000 00205 a2200097 4500
001 4608
100 _aWylie,C.R
245 _aAdv engineering matematics
260 _a
_bMcgrawhill
_c
090 _c3802
_d3802
942 _aNUST-CAE
_cM
_c30048
999 _c239681
_d239681